| 000 | 00834nam a22002297a 4500 | ||
|---|---|---|---|
| 005 | 20240404135258.0 | ||
| 008 | 240404b ||||| |||| 00| 0 eng d | ||
| 020 | _a9789355734556 | ||
| 040 | _cAIMIT LIBRARY | ||
| 082 |
_214 _a658.15 _bMOYR |
||
| 100 |
_aMoyer, R Charles. _9158560 |
||
| 245 |
_aContemporary financial management / _cBy R Charles Moyer , James R McGuigan and Ramesh P Rao. |
||
| 250 | _a14th ed. | ||
| 260 |
_aNew Delhi : _bCengage Learning , _c2023. |
||
| 300 |
_axxxiv,838,T-6,G-15,S-28,C-3,I-17P. ; _bPB _c25.3 cm |
||
| 650 |
_aDetetminants of valuation _9158561 |
||
| 650 |
_aWorking capital management _9158562 |
||
| 650 |
_aAdditional topics in contemporary financial management _9158563 |
||
| 700 |
_aMcGuigan, James R. _9158564 |
||
| 700 |
_aRao, Ramesh P. _9158565 |
||
| 942 |
_2ddc _cBK _e14th _k658.15 MOYR |
||
| 999 |
_c230664 _d230664 |
||